CaGeWeB
  • bibliotheken
  • achtergrond
  • partners
  • historiek
naar

MARC Record

Leader
003 BE-GnUNI
007 't'u
035
  
  
a| (MSK)314000234
084
  
  
a| II.B.65
245
0
0
a| ICC (Internationaal cultureel centrum) : b| bulletin.
260
  
  
a| Brussel : b| Ministerie van Nationale Opvoeding en Nederlandse Cultuur.
500
  
  
a| Https://nl.wikipedia.org/wiki/Internationaal_Cultureel_Centrum
546
  
  
a| Nederlands
500
  
  
a| Tijdschriften
852
4
  
b| MSK c| MSK j| II.B.65
920
  
  
a| tijdschrift
001 000044431
005 20241224121705.0
  • CaGeWeB vzw

    p/a Bagattenstraat 174, 9000 Gent

    voorzitter: Hendrik Defoort
    bestuurders: Frea Vancraeynest, Brigitte De Meyer, Ellen Ryckx, Kim Robensyn